• 首页
  • 本馆介绍
  • 公告通知
  • 最新文献
  • 馆藏检索
  • 电子资源
  • 读者导购
  • 参考咨询
  • 我的图书馆
  • 登录
  • 详细信息显示
  • 放入我的书架
  • 预约/预借图书
  • 作者相关作品
  • 分类相关作品
  • 丛书相关作品
  • 出版社相关作品

书目信息

  • 表格格式
  • 工作单格式
  • 卡片格式
题名:
解密脾肾
    
 
作者: 钱会南 , 杨舒 编著
分册:  
出版信息: 北京   中国盲文出版社  2014.03
页数: 135页
开本: 26cm
丛书名: 《黄帝内经》科普丛书
单 册:
中图分类: R221 , R256
科图分类:
主题词: 脾胃病 , 肾病(中医)
电子资源:
ISBN: 978-7-5002-4783-8
000 01105oam2 2200337 450
001 0102100417
005 20210402100820.0
010    @a978-7-5002-4783-8@dCNY18.00
100    @a20140508d2014 em y0chiy50 ea
101 0  @achi
102    @aCN@b110000
105    @ay z 000yy
106    @ar
200 1  @a解密脾肾@Ajie mi pi shen@f钱会南, 杨舒编著
210    @a北京@c中国盲文出版社@d2014.03
215    @a135页@d26cm
225 2  @a《黄帝内经》科普丛书@f翟双庆,贺娟主编
300    @a国家彩票公益金资助大字版
330    @a本书是《黄帝内经》科普丛书之一。作者从多个角度全面阐述与脾、肾相关的中医学常识,书中包括了:脾主四季之末各18天、脾胃为后天之本、脾病者的饮食宜忌;肾为封藏之本、肾主骨生髓、肾病者的饮食宜忌等内容。
461  0 @12001 @a《黄帝内经》科普丛书
605    @a《内经》@x脾胃病
605    @a《内经》@x肾病(中医)
605    @a《内经》
606 0  @a脾胃病
606 0  @a肾病(中医)
690    @aR221@v5
690    @aR256@v5
701  0 @a钱会南@Aqian hui nan@4编著
701  0 @a杨舒@Ayang shu@4编著
801  0 @aCN@bBJSZM@c20210402
905    @b1275413-6@dR221@e555@f4
    
    解密脾肾/钱会南, 杨舒编著.-北京:中国盲文出版社,2014.03
    135页;26cm.-(《黄帝内经》科普丛书/翟双庆,贺娟主编)
    国家彩票公益金资助大字版
    
    ISBN 978-7-5002-4783-8:CNY18.00
    本书是《黄帝内经》科普丛书之一。作者从多个角度全面阐述与脾、肾相关的中医学常识,书中包括了:脾主四季之末各18天、脾胃为后天之本、脾病者的饮食宜忌;肾为封藏之本、肾主骨生髓、肾病者的饮食宜忌等内容。
●
相关链接 在E读中查询图书 在五车中查询图书 在当当中查询图书 在豆瓣中查询图书


正题名:解密脾肾     索取号:R221/555         预约/预借

序号 登录号 条形码 馆藏地/架位号 状态 备注
1 1275413   212754134   第二样本阅览室/ [索取号:R221/555] 在馆    
2 1275414   212754143   教育系资料室/ [索取号:R221/555] 在馆    
3 1275415   212754152   教育系资料室/ [索取号:R221/555] 在馆    
4 1275416   212754161   第三借阅区/ [索取号:R221/555] 在馆    
唐山师范学院图书馆 欢迎您!
大连网信软件有限公司© 版权所有